|
|
|
|
| LEADER |
00677nab a2200193 i 4500 |
| 001 |
acta34218 |
| 005 |
20231009110155.0 |
| 008 |
161017s1944 hu o 0|| hun d |
| 040 |
|
|
|a SZTE Egyetemi Kiadványok Repozitórium
|b hun
|
| 041 |
|
|
|a hun
|
| 100 |
1 |
|
|a Vicsay Lajos
|
| 245 |
1 |
0 |
|a II. Rákóczi Ferenc szabadságharca
|h [elektronikus dokumentum] :
|b IV. osztály. (2 tanítási óra anyaga.) /
|c Vicsay Lajos
|
| 260 |
|
|
|c 1944
|
| 300 |
|
|
|a 37-52
|
| 490 |
0 |
|
|a A cselekvés iskolája
|v 12
|
| 650 |
|
4 |
|a Társadalomtudományok
|
| 650 |
|
4 |
|a Oktatástudomány
|
| 695 |
|
|
|a Neveléstudomány
|
| 856 |
4 |
0 |
|u http://acta.bibl.u-szeged.hu/34218/1/cselekves_012_037-052.pdf
|z Dokumentum-elérés
|